00595nam a22001577a 450000500170000001000150001702000250003203500140005703700090007108200140008024501210009425000160021526000720023127001150030330000190041820241122124457.0 aENG-142460 a9789350693476c30.00 aEN-125992 bDBAD a230.3521 aAuspiciousness of Maha Shivratri:bTeachings and stories from the Divine Discourses of Bhagawan Sri Sathya Sai Baba/ aFirstb2020 aAndhra PradeshbSri Sathya Sai Sadhana Trust, Publications Division aPrasanthi Nilayam, Anantapur District,bAndhra Pradesh e515134k08555287375l91-8555287236morders@sssbpt.org a82p.c22cm(pb)